|
|
|
|
| LEADER |
00000nam a22000007a 4500 |
| 005 |
20160112100315.0 |
| 007 |
cz|||| ||u| |
| 008 |
160112s2015 mx ||||| |||| 00||0 spa d |
| 020 |
|
|
|a 978-607-406-758-3
|
| 035 |
|
|
|a 13018
|
| 040 |
|
|
|a vLex
|
| 090 |
|
|
|c 5788
|d 5788
|
| 100 |
1 |
|
|a Estrada Carbajal, Armando
|
| 245 |
1 |
0 |
|a 81 preguntas y respuestas sobre suspensin̤ y clausura de establecimientos mercantiles en el D.F.
|h [Recurso electrn̤ico] /
|
| 256 |
|
|
|a Servicio en ln̕ea
|
| 260 |
|
|
|a Mx̌ico
|b Ediciones Fiscales ISEF
|c 2015
|
| 300 |
|
|
|a 1 recurso electrn̤ico
|
| 500 |
|
|
|a En esta obra se da a conocer, bajo el mťodo de preguntas y respuestas, aspectos relevantes que debe conocer sobre la clausura, suspensin̤ de actividades, medidas de prevencin̤ para evitar la clausura o suspensin̤ de actividades y responsabilidades de la autoridad administrativa por la suspensin̤ de actividades o clausura ordenadas de establecimientos mercantiles ilegalmente en el Distrito Federal.
|
| 506 |
1 |
|
|a Contenido solo disponible en los productos indicados
|d vLex Global
|d vLex Global (Academic Edition, excluding Law Schools)
|d vLex Global (U.S. Academic Edition, Law Schools)
|d vLex Global (U.S. Academic Edition, excluding Law Schools)
|d vLex Global (Academic Edition, Law Schools)
|
| 650 |
0 |
4 |
|a Derecho
|z Law
|
| 740 |
0 |
|
|a vLex libros (servicio en ln̕ea)
|
| 856 |
4 |
0 |
|u http://vlex.com/source/81-preguntas-y-respuestas-sobre-suspension-y-clausura-de-establecimientos-mercantiles-en-el-d-f--13018
|z Acceso restringido
|
| 942 |
|
|
|c BOOK
|
| 999 |
0 |
|
|a Law
|